Keeping control of total occupancy costs (Record no. 78556)

MARC details
000 -LEADER
fixed length control field 00814cab a22001935a 4500
001 - CONTROL NUMBER
control field L137110
008 - FIXED-LENGTH DATA ELEMENTS--GENERAL INFORMATION
fixed length control field 070314e2007 xxk 000 0 eng d
035 ## - SYSTEM CONTROL NUMBER
System control number (Sirsi) u137110
041 ## - LANGUAGE CODE
Language code of text/sound track or separate title eng
100 1# - MAIN ENTRY--PERSONAL NAME
Personal name Morrison, Doug
245 00 - TITLE STATEMENT
Title Keeping control of total occupancy costs
260 ## - PUBLICATION, DISTRIBUTION, ETC.
Date of publication, distribution, etc. 2007
490 #0 - SERIES STATEMENT
Series statement Facilities Management
Volume/sequential designation 14(6) March 2007, 14-16(3)
520 ## - SUMMARY, ETC.
Summary, etc. Discusses the IPD Occupiers? international cost code (L136762), emphasising benchmarking and cost control as priorities for corporate real estate professionals and facilities managers. Discusses the need for real estate to be fit for purpose and the challenges involved in keeping a cap on the costs of occupation.
590 ## - LOCAL NOTE (RLIN)
Local note KA
651 #4 - SUBJECT ADDED ENTRY--GEOGRAPHIC NAME
Geographic name International
690 ## - LOCAL SUBJECT ADDED ENTRY--TOPICAL TERM (OCLC, RLIN)
Topical term or geographic name as entry element PROPERTY-PROPERTY MANAGEMENT-OCCUPANCY COSTS
942 ## - ADDED ENTRY ELEMENTS (KOHA)
Suppress in OPAC 0
Holdings
Withdrawn status Lost status Source of classification or shelving scheme Damaged status Not for loan Home library Current library Shelving location Date acquired Total Checkouts Full call number Barcode Date last seen Copy number Price effective from Koha item type
    Dewey Decimal Classification     London London Journal article 14/03/2007   L137110 137110-1001 06/08/2019 1 06/08/2019 Journal article